Toutes les périodes après le précambrien en 20 sec dans l'ordre ! - Statistiques

Statistiques générales
  • Ce quiz a été pris 12 fois
  • Le résultat moyen est 4 sur 12
Statistiques - réponses
Âge Réponse % Correct
De -541 à -485 ma Cambrien
100%
De -485 à -443 ma Ordovicien
67%
De -358 à -298 ma Carbonifère
33%
De -145 à -66 ma Crétacé
33%
De -419 à -358 ma Dévonien
33%
De -201 à -145 ma Jurassique
33%
De -66 à -23 ma Paléogène
33%
De -298 à -252 ma Permien
33%
De -443 à -419 ma Silurien
33%
De -252 à -201 ma Trias
33%
De -23 à -2.6 ma Néogène
0%
De -2.6 à aujourd'hui Quaternaire
0%
Aucun quiz correspondant
Distribution des résultats
% des personnes avec chaque résultat
Percentile par nombre de réponses
Votre historique - résultats
Vous n’avez pas pris ce quiz